Empower your school of college with software, E-book 200 int (Record no. 139962)

000 -LEADER
fixed length control field 00251nmm a2200085Ia 4500
008 - FIXED-LENGTH DATA ELEMENTS--GENERAL INFORMATION
fixed length control field 220120s9999||||xx |||||||||||||||||und||
100 ## - MAIN ENTRY--PERSONAL NAME
Personal name PCQ
245 #0 - TITLE STATEMENT
Title Empower your school of college with software, E-book 200 int
260 ## - PUBLICATION, DISTRIBUTION, ETC.
Place of publication, distribution, etc. Cyber media Pvt. Ltd.
Date of publication, distribution, etc. 2015
Holdings
Withdrawn status Lost status Damaged status Not for loan Home library Current library Date acquired Barcode Date last seen Price effective from Koha item type
        Central Library Central Library 01/20/2022 CD1513 01/20/2022 01/20/2022 Compact Disc

Powered by Koha